000 01151pam a2200301 a 4500
999 _c27027
_d27027
001 1070108
005 20170207104720.0
008 910506s1992 ctua b 001 0 eng
010 _a 91019375
020 _a0300050437 (alk. paper)
050 0 0 _aND237 .B45D6 1991
082 0 0 _a759.13
_220
100 1 _aDoezema, Marianne,
_d1950-
245 1 0 _aGeorge Bellows and urban America /
_cMarianne Doezema.
260 _aNew Haven :
_bYale University Press,
_cc1992.
300 _aviii, 244 p. :
_bill. (some col.) ;
_c27 cm.
500 _aErrata slip laid in.
504 _aIncludes bibliographical references (p. [229]-239) and index.
600 1 0 _aBellows, George,
_d1882-1925
_xCriticism and interpretation.
650 0 _aCities and towns in art.
651 0 _aUnited States
_xIn art.
942 _2lcc
_cBOOKS